|
|
|
|
| LEADER |
01494nam a2200373 a 4500 |
| 001 |
34734 |
| 003 |
BD-DhAAL |
| 005 |
20211118130824.0 |
| 008 |
190619t1988 nyua b 001 0 eng |
| 999 |
|
|
|c 40686
|d 40686
|
| 010 |
|
|
|a 87022850
|
| 020 |
|
|
|a 0070102295
|
| 020 |
|
|
|a 9789332902992
|
| 040 |
|
|
|a DLC
|c DLC
|d DLC
|d BD-DhAAL
|
| 043 |
|
|
|a n-us---
|
| 050 |
0 |
0 |
|a HT166
|b .U738 1988
|
| 082 |
0 |
0 |
|a 307.120973
|2 19
|
| 245 |
0 |
0 |
|a Urban planning /
|c edited by Anthony J. Catanese, James C. Snyder ; architectural drawings by Jeffrey E. Ollswang.
|
| 250 |
|
|
|a 2nd edition
|
| 260 |
|
|
|a New York ;
|a India :
|b McGraw-Hill Education (India) Privet Limited,
|c c1988.
|
| 300 |
|
|
|a xiii, 386 pages :
|b illustrations ;
|c 24 cm.
|
| 500 |
|
|
|a Rev. ed. of: Introduction to urban planning. c1979.
|
| 504 |
|
|
|a Includes bibliographies and index.
|
| 526 |
|
|
|a ARC
|
| 541 |
|
|
|a HYE Trade International
|e 34734
|
| 650 |
|
0 |
|a City planning.
|9 32664
|
| 650 |
|
0 |
|a City planning
|z United States.
|9 32665
|
| 650 |
|
0 |
|a Architecture
|9 42828
|
| 700 |
1 |
|
|a Catanese, Anthony James.
|9 32666
|
| 700 |
1 |
|
|a Snyder, James C.,
|d 1940-
|9 32667
|
| 730 |
0 |
|
|a Introduction to urban planning.
|9 32668
|
| 852 |
|
|
|a Department of Architecture
|c General Stacks
|
| 942 |
|
|
|2 ddc
|c BK
|
| 952 |
|
|
|0 0
|1 0
|2 ddc
|4 0
|6 307_120973000000000_URB
|7 0
|9 65552
|a BRACUL
|b BRACUL
|c GEN
|d 2019-06-12
|e Hye Trade International
|g 1244.00
|l 0
|o 307.120973 URB
|p 3010034734
|r 2019-06-12
|t 1
|v 1244.00
|w 2019-06-12
|y BK
|x Transferred from ARC to BRACUL on 28/12/2023
|